<?xml version="1.0" encoding="UTF-8"?>
<collection xmlns="http://www.loc.gov/MARC21/slim">
 <record>
  <leader>00696pamaa2200229   4500</leader>
  <controlfield tag="001">0000036991</controlfield>
  <controlfield tag="005">20121210090000.0</controlfield>
  <datafield tag="020" ind1="0" ind2="0">
   <subfield code="a">0471263931 (pbk) </subfield>
  </datafield>
  <datafield tag="082" ind1=" " ind2=" ">
   <subfield code="a">571.6 CEL 2004</subfield>
  </datafield>
  <datafield tag="090" ind1="0" ind2="0">
   <subfield code="a">QH581.2 </subfield>
   <subfield code="b">CEL 2004</subfield>
  </datafield>
  <datafield tag="100" ind1="1" ind2="0">
   <subfield code="a">BOLSOVER </subfield>
  </datafield>
  <datafield tag="245" ind1="1" ind2="0">
   <subfield code="a">CELL Biology : </subfield>
   <subfield code="b">a short course  </subfield>
   <subfield code="c">Stephen R. Bolsover ... [et al.].</subfield>
  </datafield>
  <datafield tag="250" ind1="0" ind2="0">
   <subfield code="a">2nd ed.</subfield>
  </datafield>
  <datafield tag="260" ind1="0" ind2="0">
   <subfield code="a">Hoboken, N.J.: </subfield>
   <subfield code="b">Wiley-Liss, </subfield>
   <subfield code="c">2004.</subfield>
  </datafield>
  <datafield tag="300" ind1=" " ind2=" ">
   <subfield code="a">xx, 531 p.: </subfield>
   <subfield code="b">col. ill.; </subfield>
   <subfield code="c">26 cm.</subfield>
  </datafield>
  <datafield tag="501" ind1="0" ind2="0">
   <subfield code="a">DSCAU</subfield>
  </datafield>
  <datafield tag="650" ind1="0" ind2="0">
   <subfield code="a">Cytology </subfield>
  </datafield>
  <datafield tag="700" ind1="1" ind2="1">
   <subfield code="a">Hyams, </subfield>
   <subfield code="h">Jeremy S. </subfield>
  </datafield>
  <datafield tag="700" ind1="1" ind2="1">
   <subfield code="a">SHEPHARD, </subfield>
   <subfield code="h">Elizabeth A </subfield>
  </datafield>
  <datafield tag="700" ind1="1" ind2="1">
   <subfield code="a">WHITE, </subfield>
   <subfield code="h">Hugh A </subfield>
  </datafield>
  <datafield tag="700" ind1="1" ind2="1">
   <subfield code="a">WIEDMANN, </subfield>
   <subfield code="h">Claudia G </subfield>
  </datafield>
  <datafield tag="901" ind1=" " ind2=" ">
   <subfield code="u">http://www.wiley.com/WileyCDA/WileyTitle/productCd-0471263931.html</subfield>
  </datafield>
 </record>
</collection>
